00334pab a2200133 454500008004000000100001600040245005600056260000900112300001200121362000800133650002800141650002000169773001100189180718b1998 xxu||||| |||| 00| 0 eng d aDatta, Amal aPulse polio campaign and role of AIR: a perspective c1998 ap.27-33 aMay aHealth services - India aHealth services aYojana